00530nam a2200181Ii 45000010005000000030009000050080041000140400033000550410008000880820018000961000026001142450073001402640042002133000012002553360026002673370028002933380027003217902CO-ViMGA241108s9999||||xx |||||||||||||| ||und|| aCO-ViMGAbspaerdacCO-ViMGA0 aspa04a986.143 B945m1 aHéctor E. Burgos M.10aMonterrey Llave de guerra, sello de la paz :bmonografía historica 1aBogotá, Colombia : Juan XXIII, 1997 avolumen atextbtxt2rdacontent aunmediatedbn2rdamedia avolumebnc2rdacarrier